000 01231 a2200241 4500
999 _c11269
_d11269
020 _a9780323389211
050 _aRA115
_bBUC 2016
100 _aBuck, Carol J.
_eauthor
245 _a2016 step-by-step medical coding :
_bworkbook /
_cCarol J. Buck
250 _a2016 edition
264 _aMissouri :
_bElsevier;
_c2016
300 _axiv, 265 pages;
336 _2rdacontent
_atext
_btxt
337 _2rdamedia
_aunmediated
_bn
338 _2rdacarrier
_avolume
_bnc
500 _aIncludes Appendix
505 _aThe 2016 ICD-10-CM and 2016 ICD-10-PCS were used in updating this text"--Title page verso "Current procedural terminology, 2016, was used in updating this text"--Title page verso
520 _aCorresponding to the chapters in Carol J. Buck's Step-by-Step Medical Coding, 2016 Edition, this workbook offers in-depth coding review and practice with more than 1,200 questions, activities, and terminology exercises (odd-numbered answers are provided in the appendix), including fill-in-the-blank, multiple choice, and true or false questions"--Back cover
650 _aDictionaries
650 _aMedical records Code numbers
700 _aGrass, Jackie L.
_eco-author
942 _2lcc
_cBK
_e2016 edition
_h115
_iBUC
_kRA